| 000 | 00330nam a2200133 i 4500 | ||
|---|---|---|---|
| 001 | bg | ||
| 100 | 1 | _aSOWIŃSKI, Marek | |
| 245 | 0 |
_aProjektowanie sieci i urządzeń kanalizacyjnych / _cMarek Sowiński. |
|
| 260 |
_aPoznań, _c1986. |
||
| 040 | _cBPK | ||
| 041 | _apol | ||
| 942 | _cKS | ||
| 008 | s pl f |000 0 pol | ||
| 999 |
_c3548 _d3548 |
||
| 856 |
_uhttp://koha.tu.koszalin.pl/cgi-bin/koha/opac-detail.pl?biblionumber=3548 _yKatalog online BPK |
||